| 000 | 00359nam a2200157Ia 4500 | ||
|---|---|---|---|
| 100 | _aIngle/Vinay K/ Proakis/J.G | ||
| 650 | _aDSP | ||
| 942 | _cBK | ||
| 366 | _f25 | ||
| 245 | _aDigital Signal processing:A matlab based approach | ||
| 260 |
_bCengage Learning _c2008 |
||
| 082 |
_a621.3822 _bING |
||
| 300 | _a512 | ||
| 546 |
_aENGLISH _cTTL |
||
| 999 |
_c34989 _d34989 |
||